أصول التفسير لكتاب الله تعالى المنير / (رقم التسجيلة. 17058)

تفاصيل مارك
000 -الفاتح
عناصر البيانات ثابتة الطول 00625cam a2200181 i 4500
005 - تاريخ ووقت آخر معاملة
حقل ضبط 20251130130709.0
008 - عناصر البيانات ثابتة الطول
عناصر البيانات ثابتة الطول 250721s9999 xx gr 000 0 ara d
082 14 - رقم تصنيف ديوي العشري
رقم التصنيف 212
رقم المادة خ ا ل
100 1# - مدخل رئيسي – اسم شخصي
الاسم الشخصي العك، خالد عبد الرحمن
علاقة الشخص بالعمل/ دوره مؤلف.
245 10 - بيان العنوان
العنوان أصول التفسير لكتاب الله تعالى المنير /
بيان المسؤولية تأليف خالد عبدالرحمن العك.
264 31 - بيانات النشر، التوزيع…إلخ
اسم الناشر، الموزع...إلخ مكتبة الفارابي.
300 ## - الوصف المادي
عدد الوحدات المكونة للوعاء 246 صفحة.
650 17 - مدخل إضافي بالموضوع - مصطلح موضوعي
مصطلح موضوعي أو اسم جغرافي كعنصر مدخل القرآن الكريم.
650 17 - مدخل إضافي بالموضوع - مصطلح موضوعي
مصطلح موضوعي أو اسم جغرافي كعنصر مدخل تفسير القرآن.
650 17 - مدخل إضافي بالموضوع - مصطلح موضوعي
مصطلح موضوعي أو اسم جغرافي كعنصر مدخل سور القرآن.
942 ## - بيانات إضافية (كوها)
نوع التنصيف Dewey Decimal Classification
نوع المادة (كوها) كتب
المقتنيات
حالة السحب حالة الفقدان مصدر التصنيف حالة التلف غير قابل للإعارة المكتبة الرئيسية المكتبة الحالية موقع الرف تاريخ التزويد الرقم المتسلسل Total Checkouts رقم الإستدعاء الباركود تاريخ آخر ظهور تاريخ الفاتورة نوع المادة (كوها)
    Dewey Decimal Classification     المكتبة المركزية المكتبة المركزية الإعارة 06/07/2004 242236   212 / خ ا ل 242236 28/07/2025 06/07/2004 كتب
Implemented & Customized by: BBB with SCIT (Smart Chains for Information Technology)

Powered by Koha